[Event "SUI-chT"]
[Site "Switzerland"]
[Date "2010.02.14"]
[Round "1.6"]
[White "Gruenenwald, Joerg"]
[Black "Gloor, Roger"]
[Result "1-0"]
[WhiteElo "2336"]
[BlackElo "2128"]
[PlyCount "111"]
[EventDate "2010.02.14"]
[EventType "team-tourn"]
[EventRounds "9"]
[EventCountry "SUI"]
[SourceTitle "EXT 2011"]
[Source "ChessBase"]
[SourceDate "2010.11.26"]
[SourceVersion "1"]
[SourceVersionDate "2010.11.26"]
[SourceQuality "1"]
[WhiteTeam "Zuerich"]
[BlackTeam "Luzern"]
[WhiteTeamCountry "SUI"]
[BlackTeamCountry "SUI"]

1. d4 Nf6 2. c4 g6 3. f3 Bg7 4. e4 d6 5. Nc3 0-0 6. Nge2 c5 7. d5 e6 8. Ng3 exd5 9. cxd5 h5 10. Be2 a6 11. a4 Nh7 12. Be3 Nd7 13. 0-0 h4 14. Nh1 f5 15. exf5 gxf5 16. f4 Ndf6 17. Nf2 Re8 18. Bd2 Qe7 19. Bc4 Qf7 20. Qb3 Rb8 21. Rae1 Bd7 22. Qb6 Bf8 23. a5 Rxe1 24. Rxe1 Be8 25. Qb3 Qc7 26. Ncd1 Bf7 27. Qd3 Qd7 28. Re6 Bxe6 29. dxe6 Qe7 30. Ne3 d5 31. Nxd5 Nxd5 32. Qxd5 Bg7 33. Nd3 Bd4+ 34. Kf1 Rf8 35. b4 Kh8 36. Nxc5 Rd8 37. Nd7 Qg7 38. Qxf5 Rg8 39. Bd5 Ba1 40. Be4 Re8 41. Qxh7+ Qxh7 42. Bxh7 Kxh7 43. f5 Kg7 44. Ke2 Bf6 45. g4 hxg3 46. hxg3 Rh8 47. Nxf6 Rh2+ 48. Kf3 Kxf6 49. Bc3+ Ke7 50. Bd4 Rh1 51. Ke4 Rh3 52. Kd5 Rh5 53. g4 Rg5 54. Be5 Ke8 55. f6 Kd8 56. Kd6 1-0